000 00918nam a2200253Ia 4500
003 OSt
005 20221005113520.0
006 a|||||r|||| 00| 0
007 ta
008 221004b |||||||| |||| 00| 0 pan d
020 _cINR 400.00
024 _a39137
037 _b234, 17/03/2018, National Book Shop
_cTextual
040 _aCRL
_cCRL
_bpan
041 _2pan
_apan
082 _aY:351.243, 153Q8
100 _aਨੂਰ, ਪਰਕਜੀਤ ਕੌਰ, ਂਚ.
_9158645
245 0 _aFਗਨਾਂ ਵੇਲਾ
260 _aਲੁਧਿਆਨਾ
_bਇੰਟਰਨੈFਨਲ ਪੰਜਾਬੀ ਲੋਕ ਵਿਰਾਸਤ ਅਕਾਡਮੀ ਭਾਰਤ
_c2018
300 _a231ਪ0
_ccm.
650 _aਸਭਿਆਚਾਰ
942 _hY:351.243, 153Q8
_cTEXL
_2cc
999 _c1028434
_d1028434